• 首页
  • 本馆介绍
  • 公告通知
  • 最新文献
  • 馆藏检索
  • 电子资源
  • 读者导购
  • 参考咨询
  • 我的图书馆
  • 登录
  • 详细信息显示
  • 放入我的书架
  • 预约/预借图书
  • 作者相关作品
  • 分类相关作品
  • 丛书相关作品
  • 出版社相关作品

书目信息

  • 表格格式
  • 工作单格式
  • 卡片格式
题名:
现代有机化学反应机理研究及其新发展
    
 
作者: 周中高 著
分册:  
出版信息: 北京   中国水利水电出版社  2018
页数: 216页
开本: 24cm
丛书名:
单 册:
中图分类: O621.25
科图分类:
主题词: 有机化学--You Ji Hua Xue--化学反应--反应机理--研究
电子资源:
ISBN: 978-7-5170-6862-4
000 01035nam0 2200253 450
001 012001001500
005 20140108115043.0
010    @a978-7-5170-6862-4@dCNY62.00
099    @aCAL 012019005149
100    @a20190111d2018 em y0chiy50 ea
101 0  @achi
102    @aCN@b110000
105    @aak a 000yy
106    @ar
200 1  @a现代有机化学反应机理研究及其新发展@AXian Dai You Ji Hua Xue Fan Ying Ji Li Yan Jiu Ji Qi Xin Fa Zhan@f周中高著
210    @a北京@c中国水利水电出版社@d2018
215    @a216页@c图@d24cm
320    @a有书目 (第215-216页)
330    @a本书内容全面,条理清晰,通过有机化学日益发展的新方法、新技术系统地讲述有机化学的基本理论,并讲述如何运用新理论、新方法来解释有机化学反应中的新现象。在完全覆盖物理有机化学核心内容——结构和机理之外,选取了具有代表性的反应类型,将其有机反应机理融入其中。
606 0  @a有机化学@AYou Ji Hua Xue@x化学反应@x反应机理@x研究
690    @aO621.25@v5
701  0 @a周中高@AZhou Zhonggao@4著
801  0 @aCN@b北京卓展@c20191020
905    @b1202020-3@dO621.25@e112@f4
    
    现代有机化学反应机理研究及其新发展/周中高著.-北京:中国水利水电出版社,2018
    216页:图;24cm
    
    
    ISBN 978-7-5170-6862-4:CNY62.00
    本书内容全面,条理清晰,通过有机化学日益发展的新方法、新技术系统地讲述有机化学的基本理论,并讲述如何运用新理论、新方法来解释有机化学反应中的新现象。在完全覆盖物理有机化学核心内容——结构和机理之外,选取了具有代表性的反应类型,将其有机反应机理融入其中。
●
相关链接 在E读中查询图书 在五车中查询图书 在当当中查询图书 在豆瓣中查询图书


正题名:现代有机化学反应机理研究及其新发展     索取号:O621.25/112         预约/预借

序号 登录号 条形码 馆藏地/架位号 状态 备注
1 1202020   212020203   第二样本阅览室/ [索取号:O621.25/112] 在馆    
2 1202021   212020212   第三借阅区/ [索取号:O621.25/112] 在馆    
3 1202022   212020221   第三借阅区/ [索取号:O621.25/112] 在馆    
4 1202023   212020230   第三借阅区/ [索取号:O621.25/112] 在馆    
唐山师范学院图书馆 欢迎您!
大连网信软件有限公司© 版权所有